000 00946nam a2200253 i 4500
001 C2-0244826
003 PPAK
005 20180727210004.0
008 030125s2002 my |||| ||||| | zxx d
022 _a1511-4821
040 _aPPAK
_beng
_cPPAK
_erda
082 0 4 _a657.74021
_223
090 0 0 _a657.74021
_bMAL
_dR
110 2 _aMalaysia. Jabatan Perangkaan
245 0 0 _aAkaun keluaran dan perbelanjaan negara suku tahunan, Suku tahun ketiga 2002 =
_bQuarterly national product and expenditure accounts, Third Quarter 2002
264 1 _aKuala Lumpur :
_bJabatan Perangkaan Malaysia ,
_c2002
300 _axvi, 74 pages ;
_c30 cm
336 _2rdacontent
_atext
337 _2rdamedia
_aunmediated
338 _2rdacarrier
_avolume
650 1 0 _aNational income - Accounting - Statistics - Periodicals ; Gross national product - Malaysia - Statistics - Periodicals
710 2 _aMalaysia. Jabatan Perangkaan
_eorganizer
942 _ddc
_cB
999 _c59001
_d59001